Narrative research : reading, analysis, and interpretation

Αποθηκεύτηκε σε:
Λεπτομέρειες βιβλιογραφικής εγγραφής
Κύριος συγγραφέας: Lieblich, Amia 1939-
Άλλοι συγγραφείς: Tuval-Mashiach, Rivka, Zilber, Tamar
Μορφή: Βιβλίο
Γλώσσα:English
Δημοσίευση: London : Sage Publications, 1998
Σειρά:Applied social research methods series ; ; 47
Θέματα:
Ετικέτες: Προσθήκη ετικέτας
Δεν υπάρχουν, Καταχωρήστε ετικέτα πρώτοι!

MARC

LEADER 00000nam a2200000 i 4500
001 1/13611
008 001129s1998 eng d
020 |a 0-7619-1043-3 
035 |l 10064687 
040 |a GR-MY-UA  |b gre  |e aacr 
041 0 |a eng 
082 0 |a 401.41 
100 1 |a Lieblich, Amia  |d 1939- 
245 1 0 |a Narrative research :  |b reading, analysis, and interpretation /  |c Amia Lieblich, Rivka Tuval-Mashiach, and Tamar Zilber 
260 |a London :   |b Sage Publications,   |c 1998 
300 |a 187 p. 
490 1 |a Applied social research methods series  |v ; 47 
504 |a Includes bibliographical references and index 
650 0 0 |a Discourse analysis, Narrative  |x Research  |x Methodology. 
650 0 0 |a Methodology. 
700 1 |a Tuval-Mashiach, Rivka. 
700 1 |a Zilber, Tamar. 
830 0 |a Applied social research methods series ;  |v ; 47 
852 |a INST  |b LESVOS  |e 20001129  |h 401.41 LIE  |p 005100029515  |q 005100029515  |t BK  |y 0 
901 |a BIBL1-2000-3 
909 |a Λ  |b 082859 
922 |a 1ΕΛΗ  |b 200011  |c ΤΑΚ/ΠΤΕ  |d ΜΙΧΑΛΟΠΟΥΛΟΣ 
950 |a 185-2000-09-13 
970 |a ΜΟΥΣΤΑΚΑ  |b ΠΗΝΕΛΟΠΗ  |z 2000/12/01